<?xml version="1.0" encoding="UTF-8"?>
<record
    xmlns:xsi="http://www.w3.org/2001/XMLSchema-instance"
    xsi:schemaLocation="http://www.loc.gov/MARC21/slim http://www.loc.gov/standards/marcxml/schema/MARC21slim.xsd"
    xmlns="http://www.loc.gov/MARC21/slim">

  <leader>02617nam a2200241 a 4500</leader>
  <controlfield tag="001">24530</controlfield>
  <controlfield tag="003">CO-ViMGA</controlfield>
  <controlfield tag="008">141112s2004    ck      r     000 u spa d</controlfield>
  <datafield tag="015" ind1=" " ind2=" ">
    <subfield code="a">NNN</subfield>
  </datafield>
  <datafield tag="020" ind1=" " ind2=" ">
    <subfield code="a">8448141563</subfield>
  </datafield>
  <datafield tag="040" ind1=" " ind2=" ">
    <subfield code="a">CO-ViMGA</subfield>
    <subfield code="b">spa</subfield>
    <subfield code="c">CO-ViMGA</subfield>
  </datafield>
  <datafield tag="041" ind1=" " ind2=" ">
    <subfield code="a">spa</subfield>
    <subfield code="b">eng</subfield>
  </datafield>
  <datafield tag="082" ind1=" " ind2=" ">
    <subfield code="a">330 M154p</subfield>
  </datafield>
  <datafield tag="100" ind1="1" ind2=" ">
    <subfield code="a">Mankiw, N. Gregory</subfield>
    <subfield code="9">5791</subfield>
  </datafield>
  <datafield tag="245" ind1="1" ind2="0">
    <subfield code="a">Principios de econom&#xED;a N. Gregory Mankiw ; traductora Esther Rabasco Esp&#xE1;riz</subfield>
  </datafield>
  <datafield tag="250" ind1=" " ind2=" ">
    <subfield code="a">3a ed.</subfield>
  </datafield>
  <datafield tag="260" ind1=" " ind2=" ">
    <subfield code="a">Madrid, </subfield>
    <subfield code="c">McGraw - Hill, </subfield>
    <subfield code="c">2004</subfield>
  </datafield>
  <datafield tag="300" ind1=" " ind2=" ">
    <subfield code="a">xxix, 535 p. ilustraciones, diagramas, gr&#xE1;ficas y tablas 27 cm.</subfield>
  </datafield>
  <datafield tag="500" ind1=" " ind2=" ">
    <subfield code="a">Incluye glosario e &#xED;ndice.</subfield>
  </datafield>
  <datafield tag="505" ind1=" " ind2=" ">
    <subfield code="a">Parte I. Introducci&#xF3;n 1. Los diez principios de la econom&#xED;a 2. Pensando como un economista 3. Interdependencia y ganancias derivadas del comercio. Parte II. C&#xF3;mo funcionan los mercados 4. Las fuerzas de mercado de la oferta y la demanda 5. La elasticidad y sus aplicaciones 6. La oferta, la demanda y la pol&#xED;tica econ&#xF3;mica. Parte III. Los mercados y el bienestar 7. Los consumidores, los productores y la eficiencia de los mercados 8. Los costos del sistema tributario y su aplicaci&#xF3;n 9. El comercio internacional : una aplicaci&#xF3;n. Parte IV. Las econom&#xED;as del sector p&#xFA;blico 10. Las externalidades 11. Los bienes p&#xFA;blicos y los recursos comunes 12. El dise&#xF1;o de sistemas de impuestos. Parte V. El comportamiento de la empresa y la organizaci&#xF3;n de la industria 13. Los costos de producci&#xF3;n 14. Las empresas de los mercados competitivos 15. El monopolio 16. La competencia monopol&#xED;stica. 17. Los oligopolios. Parte VI. La econom&#xED;a de los mercados de trabajo 18. Los mercados de factores de producci&#xF3;n 19. Los ingresos y la discriminaci&#xF3;n 20. La desigualdad en el ingreso y la pobreza. Parte VII. Temas para estudio posterior 21. La teor&#xED;a de elecci&#xF3;n del consumidor 22. Las fronteras de la microeconom&#xED;a. Parte VIII. Los informaci&#xF3;n macroecon&#xF3;mica 23. Midiendo el ingreso de una naci&#xF3;n 24. Midiendo el costo de la vida. Parte IX. La econom&#xED;a real en el largo plazo 25. La producci&#xF3;n y el crecimiento 26. El ahorro, la inversi&#xF3;n y el sistema financiero 27. Las herramientas b&#xE1;sicas de las finanzas 28. El desempleo. Parte X. El dinero y los precios en el largo plazo 29. El sistema monetario 30. El crecimiento monetario y la inflaci&#xF3;n. Parte XI. La macroeconom&#xED;a de las econom&#xED;as abiertas 31. La macroeconom&#xED;a de una econom&#xED;a abierta : conceptos b&#xE1;sicos 32. La teor&#xED;a macroecon&#xF3;mica de la econom&#xED;a abierta. Parte XII. Fluctuaciones econ&#xF3;micas en el corto plazo 33. La demanda agregada y la oferta a</subfield>
  </datafield>
  <datafield tag="650" ind1="1" ind2="4">
    <subfield code="a">Econom&#xED;a</subfield>
  </datafield>
  <datafield tag="942" ind1=" " ind2=" ">
    <subfield code="2">ddc</subfield>
    <subfield code="c">BK</subfield>
  </datafield>
  <datafield tag="999" ind1=" " ind2=" ">
    <subfield code="c">11003</subfield>
    <subfield code="d">11003</subfield>
  </datafield>
  <datafield tag="952" ind1=" " ind2=" ">
    <subfield code="0">0</subfield>
    <subfield code="1">0</subfield>
    <subfield code="2">ddc</subfield>
    <subfield code="4">0</subfield>
    <subfield code="7">0</subfield>
    <subfield code="8">001</subfield>
    <subfield code="a">MEVIGAEMP</subfield>
    <subfield code="b">MEVIGAEMP</subfield>
    <subfield code="d">2015-12-04</subfield>
    <subfield code="h">22/ago/2012</subfield>
    <subfield code="l">0</subfield>
    <subfield code="o">330 M154p </subfield>
    <subfield code="p">31537</subfield>
    <subfield code="r">2017-08-23 00:00:00</subfield>
    <subfield code="t">Ej. 1</subfield>
    <subfield code="w">2015-12-04</subfield>
    <subfield code="y">BK</subfield>
  </datafield>
  <datafield tag="952" ind1=" " ind2=" ">
    <subfield code="0">0</subfield>
    <subfield code="1">0</subfield>
    <subfield code="2">ddc</subfield>
    <subfield code="4">0</subfield>
    <subfield code="7">0</subfield>
    <subfield code="8">002</subfield>
    <subfield code="a">MEVIECAR</subfield>
    <subfield code="b">MEVIECAR</subfield>
    <subfield code="d">2015-12-04</subfield>
    <subfield code="h">22/ago/2012</subfield>
    <subfield code="l">5</subfield>
    <subfield code="m">8</subfield>
    <subfield code="o">330 M154p </subfield>
    <subfield code="p">25299</subfield>
    <subfield code="q">2026-05-16</subfield>
    <subfield code="r">2026-05-06 21:07:12</subfield>
    <subfield code="s">2026-05-06</subfield>
    <subfield code="t">Ej. 1</subfield>
    <subfield code="w">2015-12-04</subfield>
    <subfield code="y">BK</subfield>
  </datafield>
</record>
